| 000 | | | 03643nmc2a22002413x 450 |
| 001 | | | b45822ef-10e9-4281-b6ac-8f0295ff34d2 |
| 005 | | | 20240924002007.0 |
| 100 | ## | $a | 20240730l18661866k l0rusy0189 ca |
| 101 | 0# | $a | rus |
| 102 | ## | $a | RU |
| 105 | ## | $a | y### |
| 122 | 2# | $a | d |
| 200 | 1# | $a | Статья неустановленного автора с подписью "Московский гражданин" о мерах благоустройства трактирных заведений. Помета: "Продолжение к посланному вчера" |
| | $j | март 1866 г. |
| 215 | ## | $a | 7 л. |
| | $d | 30,5х24 см |
| 251 | ## | $c | Дело |
| 300 | ## | $a | Работы разных авторов, присланные Погодину. Научные и публицистические статьи, дневники |
| 371 | ## | $a | Документ не является опубликованным и широко распространяемым |
| 461 | #0 | $1 | 00155cd97b9-23cd-433f-87f9-5c7e02122c0c |
| | $1 | 2001 |
| | $a | Погодин Михаил Петрович |
| | $1 | 251 |
| | $c | Фонд |
| | $1 | 852 |
| | $j | 1108 |
| 462 | #0 | $1 | 0019701424c-f280-43b8-81cf-3217858d7048 |
| | $1 | 2001 |
| | $a | Работы и переписка М.П. Погодина. Работы разных авторов, присланных М.П. Погодину |
| | $1 | 251 |
| | $c | Опись |
| | $1 | 852 |
| | $j | 2 |
| 801 | #0 | $a | RU |
| | $b | РГИА |
| | $c | 20240730 |
| | $g | RCR |
| 801 | #1 | $a | RU |
| | $b | ГлавНИВЦ |
| | $c | 20240730 |
| | $2 | rusmarc |
| 801 | #2 | $a | RU |
| | $b | ПБ им. Б.Н. Ельцина |
| | $c | 20240924 |
| | $g | RCR |
| | $2 | rusmarc |
| 850 | ## | $a | РГИА |
| 852 | ## | $a | РГИА |
| | $e | Федеральное казенное учреждение "Российский государственный исторический архив" (РГИА) |
| | $j | 60 |
| 937 | ## | $h | РГИА |
| | $d | 12417403 |
| | $a | ASBIBLIO_SCAN |
| 035 | ## | $a | RusGRCC00076287 |
| 856 | ## | $u | http://readingroom.main.prlib.ru/item.aspx?id_node=n193930092&mode=full |